LEADER 01125cam0 2200277 450 001 E600200042551 005 20210608072056.0 100 $a20081201d1943 |||||ita|0103 ba 101 $aita 102 $aIT 200 1 $aGiovanni Althusius e lo sviluppo storico delle teorie politiche giusnaturalistiche$eContributo alla storia della sistematica del diritto$fOtto Von Gierke$gcur. Antonio Giolitti 210 $aTorino$cEinaudi$d1943 215 $aXI, 253 p.$d22 cm 225 2 $aBiblioteca di cultura giuridica$v1 410 1$1001LAEC00025839$12001 $a*Biblioteca di cultura giuridica$v1 700 1$aGierke$b, Otto von$3AF00009366$4070$0138092 702 1$aGiolitti, Antonio$3A600200030835$4070 801 0$aIT$bUNISOB$c20210608$gRICA 850 $aUNISOB 852 $aUNISOB$j320$m68501 912 $aE600200042551 940 $aM 102 Monografia moderna SBN 941 $aM 957 $a320$b001456$gSi$d68501$rAcquisto$1pregresso2$2UNISOB$3UNISOB$420081201091503.0$520200109092239.0$6Spinosa 996 $aGiovanni Althusius e lo sviluppo storico delle teorie politiche giusnaturalistiche$9689497 997 $aUNISOB LEADER 01139cam0 22002771 450 001 SOBE00067113 005 20210706100509.0 010 $a9788814200342 100 $a20210706d2016 |||||ita|0103 ba 101 $aeng 102 $aIT 200 1 $aCases and materials on Italian private law$fMarta Cenini$fRossella Esther Cerchia 210 $aMilano$cGiuffrè$d2016 215 $aXII, 155 p.$d24 cm 676 $a346.001$v20$3SOBA00019613 700 1$aCenini$b, Marta$3SOBA00021512$4070$0473168 701 1$aCerchia, Rossella Esther$3SOBA00009699$4070$0607589 801 0$aIT$bUNISOB$c20210706$gRICA 850 $aUNISOB 852 $aUNISOB$jFondo|Recepl$m172387 912 $aSOBE00067113 940 $aM 102 Monografia moderna SBN 941 $aM 957 $aFondo|Recepl$b000072$gCON$d172387$n20200218$hReCEPL$rdono$tN$1petrellap$2UNISOB$3UNISOB$420210706100340.0$520210706100430.0$6petrellap$fConsultabile presso il Centro di ricerca di diritto privato europeo (ReCEPL); modalità di consultazione sulla home page della Biblioteca link Fondi. 996 $aCases and materials on italian private law$91394160 997 $aUNISOB LEADER 01163nam0 22002771i 450 001 UON00045796 005 20231205102205.726 100 $a20020107d1900 |0itac50 ba 101 $aeng 102 $aGB 105 $a|||| ||||| 200 1 $aˆThe ‰Kingdom of the yellow robe$eBeing sketches of the domestic and religious rites and cerimonies of the Siamese$fby Ernest Young 210 $aWestminster$cArchibald Constable$d1900 215 $aXVI, 399 p.$cill.$d22 cm 606 $aBUDDHISMO$xTHAILANDIA$3UONC001000$2FI 606 $aETNOLOGIA$xTHAILANDIA$3UONC011072$2FI 620 $aGB$dWestminster$3UONL000981 686 $aTAI XIV$cTAILANDIA - ANTROPOLOGIA, ETNOGRAFIA, ETNOLOGIA, FOLKLORE, SPORT$2A 700 1$aYOUNG$bErnest$3UONV029088$0649464 712 $aConstable$3UONV248877$4650 801 $aIT$bSOL$c20240220$gRICA 899 $aSIBA - SISTEMA BIBLIOTECARIO DI ATENEO$2UONSI 912 $aUON00045796 950 $aSIBA - SISTEMA BIBLIOTECARIO DI ATENEO$dSI RARI TAI XIV 005 $eSI MR 36436 7 005 996 $aKingdom of the yellow robe$91156199 997 $aUNIOR